LEADER 00742nam a2200181 i 4500 001 000000239133 003 CaOOAMICUS 005 20150219000000.0 008 150219s1807 it u000 u ita u 013 $a218038 026 $astns I.la s.se trBr (3) 1807 (R) 040 $aSeMil$bita 245 10$aTome 2. 300 $a[4], 412 p. 773 0 $tRecherches sur l'ancienne constitution de l'ordre teutonique et sur ses usages comparés avec ceux des templiers... Par l'auteur de l'Histoire de l'Ordre teutonique. Tome 1 [-2].$dA Mergentheim : Chez Jean George Thomm, 1807.$g2$w()31452 850 $aSeMil 852 $aSeMil$W1$xVenegono$y1$m3D II 82 FA$j189479$B189479$CSeMilBibl$Z2$F200282 $8I 996 $6245$aTome 2$9(OLS)http://semarc/title/1533